000 00430nam a2200181Ia 4500
001 14417
005 20260306164912.0
008 260306t1992||||xx |||||||||||||| ||spa||
041 _aESP
082 _a514
_bT68
100 _aTola Pasquel, José
_eAUT
245 0 _aIntroducción a la topología
260 _c1992
300 _axiii, 147 páginas :
_c20 cm.
650 _aGEN
654 _aCMA
942 _cLIB
_dJUS
_fJUS
_2ddc
_n
999 _c14417
_d14417